000 00313nam a22001337a 4500
008 190222b xxu||||| |||| 00| 0 eng d
020 _a9780872072848
041 _aeng
080 _a371
100 _a25
101 _aEDU
245 _aClassroom Strategies for Interactive Learning
_cBuehl, D
942 _2udc
_cBK
999 _c54117
_d54117